Poder presidencial e os presidentes modernos : (Record no. 1229)
[ view plain ]
| 000 -LÍDER | |
|---|---|
| Campo Fixo de Controle | 00890nam a2200253 a 4500 |
| 001 - NÚMERO DE CONTROLE | |
| Campo de Controle | 1229 |
| 003 - IDENTIFICAÇÃO DO NÚMERO DE CONTROLE | |
| Campo de Controle | BR-CuiBMT |
| 005 - DATA E HORA DA ÚLTIMA ATUALIZAÇÃO | |
| Campo de Controle | 20231201190734.0 |
| 008 - DADOS FIXOS | |
| Dados Fixos | 230919s2008 dfb 000 0 por d |
| 020 ## - INTERNATIONAL STANDARD BOOK NUMBER | |
| Nº do ISBN | 9788571398993 |
| 040 ## - AGÊNCIA CATALOGADORA | |
| Código da Agência Catalogadora | BR-CuiBMT |
| Agência que transcreveu o registro | BR-CuiBMT |
| 080 ## - Nº DA CLASSIFICAÇÃO DECIMAL UNIVERSAL | |
| Nº Class. CDU | 342.511 |
| Subd. Auxiliar Comum | (73) |
| Nº edição CDU | 2007 |
| 090 ## - NÚMERO DE CHAMADA | |
| Nº classificação | 342.511(73) |
| Cutter | N496p |
| 100 10 - ENTRADA PRINCIPAL -- AUTOR PESSOAL | |
| Nome pessoal | Neustadt, Richard E. |
| Datas associadas ao nome | 1919-2003. |
| 245 10 - TÍTULO PRINCIPAL | |
| Título principal | Poder presidencial e os presidentes modernos : |
| Subtítulo | a política de liderança de Roosevelt a Reagan / |
| Indicação de responsabilidade | Richard E. Neustadt. |
| 260 ## - PUBLICAÇÃO, DISTRIBUIÇÃO, ETC. | |
| Local de publicação | Brasília ; São Paulo : |
| Editora | ENAP : UNESP, |
| Data | 2008. |
| 300 ## - DESCRIÇÃO FÍSICA | |
| N. páginas ou volumes | 452 p. ; |
| Dimensões | 23 cm |
| 504 ## - NOTA DE BIBLIOGRAFIA, ETC. | |
| Nota de bibliografia | Inclui bibliografia. |
| 650 ## - ASSUNTO TÓPICO | |
| Cabeçalho tópico ou nome geográfico | Presidente da República |
| Subdivisão geral | Poderes e atribuições |
| Subdivisão geográfica | Estados Unidos |
| 650 ## - ASSUNTO TÓPICO | |
| Cabeçalho tópico ou nome geográfico | Política e governo |
| Subdivisão geográfica | Estados Unidos |
| 650 ## - ASSUNTO TÓPICO | |
| Cabeçalho tópico ou nome geográfico | Presidencialismo |
| Subdivisão geográfica | Estados Unidos |
| 650 ## - ASSUNTO TÓPICO | |
| Cabeçalho tópico ou nome geográfico | Liderança política |
| Subdivisão geográfica | Estados Unidos |
| 942 ## - ELEMENTOS DE ENTRADA ADICIONAIS (KOHA) | |
| Fonte de classificação ou esquema de arquivamento | Classificação Decimal Universal |
| Tipo de item do Koha | Livros |
| Estado: removido | Estado: perdido | Fonte de classificação ou esquema de arquivamento | Estado: danificado | Indisponível para empréstimo | Localização permanente | Localização atual | Data de aquisição | Total Checkouts | Número de Chamada completo | Código de barras | Date last seen | Número do exemplar | Preço efetivo a partir de | Tipo de item (Koha) |
|---|---|---|---|---|---|---|---|---|---|---|---|---|---|---|
| Classificação Decimal Universal | Biblioteca da Escola Superior de Contas do TCE/MT | Biblioteca da Escola Superior de Contas do TCE/MT | 01/06/2009 | 343.511(73) N496p | BIBTCEMT23120030 | 01/12/2023 | Ex. 1 | 01/12/2023 | Livros |